Optoelectronics and fiber optic technology (Record no. 8020)
[ view plain ]
| 000 -LEADER | |
|---|---|
| fixed length control field | 00469 a2200181 4500 |
| 020 ## - INTERNATIONAL STANDARD BOOK NUMBER | |
| International Standard Book Number | 0750653701 |
| 040 ## - CATALOGING SOURCE | |
| Original cataloging agency | DLC |
| Language of cataloging | DLC |
| 082 ## - DEWEY DECIMAL CLASSIFICATION NUMBER | |
| Classification number | 621.381045 |
| 100 1# - MAIN ENTRY--PERSONAL NAME | |
| Personal name | Tricker, Ray |
| 245 10 - TITLE STATEMENT | |
| Title | Optoelectronics and fiber optic technology |
| Statement of responsibility, etc. | Ray Tricker |
| 260 ## - PUBLICATION, DISTRIBUTION, ETC. | |
| Place of publication, distribution, etc. | Oxford : |
| Name of publisher, distributor, etc. | Newnes, |
| Date of publication, distribution, etc. | 2002 |
| 300 ## - PHYSICAL DESCRIPTION | |
| Extent | xvi, 319 s. : |
| Other physical details | ill. |
| 650 #4 - SUBJECT ADDED ENTRY--TOPICAL TERM | |
| Topical term or geographic name entry element | Fiberoptik |
| 650 #4 - SUBJECT ADDED ENTRY--TOPICAL TERM | |
| Topical term or geographic name entry element | Optoelektronik |
| 650 #4 - SUBJECT ADDED ENTRY--TOPICAL TERM | |
| Topical term or geographic name entry element | Fiber optics |
| 650 #4 - SUBJECT ADDED ENTRY--TOPICAL TERM | |
| Topical term or geographic name entry element | Optoelectronics |
| 942 ## - ADDED ENTRY ELEMENTS (KOHA) | |
| Koha item type | Book |
| Call number prefix | 621.381045 TRI |
| Source of classification or shelving scheme | |
| Withdrawn status | Lost status | Damaged status | Not for loan | Collection code | Permanent Location | Current Location | Shelving location | Date acquired | Source of acquisition | Cost, normal purchase price | Total Checkouts | Full call number | Barcode | Date last seen | Price effective from | Koha item type | Date last checked out |
|---|---|---|---|---|---|---|---|---|---|---|---|---|---|---|---|---|---|
| Central Library (CL) | Central Library (CL) | General Stacks | 10/10/2007 | Progressive International Agencies | 2799.00 | 621.381045 TRI | SEECS008652 | 11/14/2012 | 01/05/2017 | Book | |||||||
| Central Library (CL) | Central Library (CL) | General Stacks | 10/10/2007 | Allied Book Company | 469.94 | 1 | 621.381045 TRI | SEECS008707 | 06/09/2015 | 01/05/2017 | Book | 06/24/2014 | |||||
| Central Library (CL) | Central Library (CL) | General Stacks | 10/10/2007 | Progressive International Agencies | 2799.00 | 621.381045 TRI | SEECS008653 | 11/14/2012 | 01/05/2017 | Book | |||||||
| Central Library (CL) | Central Library (CL) | General Stacks | 10/10/2007 | Progressive International Agencies | 2799.00 | 1 | 621.381045 TRI | SEECS008651 | 05/23/2015 | 01/05/2017 | Book | 03/09/2015 |
